| 000 | 00535nam a2200193 i 4500 | ||
|---|---|---|---|
| 001 | 149524 | ||
| 003 | ES-MaACL | ||
| 005 | 20230906203136.0 | ||
| 007 | t| | ||
| 008 | 071023s1956 fr ||||1| fre d | ||
| 100 | 1 |
_aVaret, Gilbert. _9113183 |
|
| 245 | 1 | 0 |
_aManuel de bibliographie philosophique / _cpar Gilbert Varet. |
| 260 |
_aParis : _bPresses Universitaires de France, _c1956. |
||
| 300 |
_a2 v. ; _c19 cm. |
||
| 490 | 1 | _aLogos | |
| 830 | 0 |
_aLogos _9183254 |
|
| 852 |
_aES-MaACL _jC-15301-2 _bR.43222 |
||
| 999 |
_c149524 _d149524 |
||